Statistics for US Cities in Top 100 (population) that end in O

Click here to take the quiz!

General Stats

  • This quiz has been taken 41 times
  • The average score is 9 of 14

Answer Stats

RankedAnswer% Correct
8San Diego
97%
13San Francisco
94%
3Chicago
91%
72Orlando
91%
7San Antonio
80%
22El Paso
71%
35Sacramento
71%
74Toledo
60%
34Fresno
57%
81Buffalo
54%
86Reno
37%
80Laredo
34%
69Plano
29%
68Greensboro
26%

Score Distribution

Percentile by Number Answered

Percent of People with Each Score

Your Score History

You have not taken this quiz